00871nam a2200241 i 450000100060000000300090000600500170001500700030003200800410003502000180007608000170009408000250011110000370013624501480017325000140032126000350033530000220037070000270039270000380041985200330045799900170049095201220050710353ES-MaACL20250818063033.0t|950524s1995 sp ||||1| spa d a84-08-01424-2 a84-311.9"18" a84(Verne,J.7 P.03=6)1 aVerne, Jules,d1828-1905918865410aParís en el siglo XX / cJulio Verne ; traducción de Julia Escobar ; prefacio y revisión del texto original por Piero Gondolo della Riva. a[1a ed.]. aBarcelona : bPlaneta, c1995. a182 p. ; c24 cm.1 aEscobar, Julia.9475541 aDella Riva, Piero Gondolo.943534 aES-MaACLjL-17832 bR.123889 c10353d10353 00104070aATENEOMbATENEOMcDEPO2d2008-01-17eSCl0oL-17832p1010563r2023-02-23 00:00:00w2023-02-23yMONOGRAFIA